Kraków - linia tramwajowa nr 20 - Statystyki

Ogólne statystyki
  • Ten quiz został rozwiązany 56 razy
  • Średni wynik to 15 z 19
Statystyki odpowiedzi
Hint Odpowiedź % Poprawnych
Pętla Cichy Kącik
91%
Pętla Mały Płaszów P+R
91%
9. Lubicz
86%
14. Muzeum Narodowe
86%
10. Teatr Słowackiego
86%
8. Rondo Mogilskie
84%
12. Teatr Bagatela
84%
7. Rondo Grzegórzeckie
81%
16. Park Jordana
79%
11. Stary Kleparz
79%
15. Oleandry
74%
6. Zabłocie
74%
2. Lipska
72%
17. Reymana
70%
1. Rzebika
70%
3. Gromadzka
67%
5. Klimeckiego
65%
4. Kuklińskiego
65%
13. UJ/AST
60%
Nie znaleziono quizów pasujących do podanych kryteriów
Rozkład punktacji
Procent ludzi z każdym wynikiem
Percentyl według liczby udzielonych odpowiedzi
Twoja historia wyników
Nie rozwiązałeś tego quizu